000 00519nam a2200181Ia 4500
005 20250508163912.0
008 008 250505s9999 xx 000 0 eng d
037 _aTextual
040 _aFEDL
_beng
_cFEDL
041 _aeng
_2eng
084 _aB, NAR
_qFEDL
100 _aPrasad Bimal Ed.
245 0 _aJayaprakash Narayan: Selected works. Vol 1
260 _aNew Delhi, India
_bManohar Publishers and Distributors
_c2000
300 _axxii,300p.
942 _cTEXL
_hB, NAR
999 _c1385876
_d1385876